00723cam a22002411 4500001001300000003000400013005001700017008004100034010001700075025002000092035002000112040002500132042001200157050001800169100003300187245006400220260005200284300001900336500005700355500001600412651003600428999001700464sa 68013131 DLC20260227112619.0900226s1968 ii 000 0 panr  asa 68013131  aPL480:I-Pu-1352 a(OCoLC)21122665 aDLCcMiEMdMiEMdDLC apremarc00aHN683.5b.S351 aSayyadvi, Tara Singh,d1894-10aGhuliā Sonā.c[Lekhaka] Tārā Siṅgha 'Sayadawī.' aAmritasara,bTalawāṛa Book Companyc[1968?] a136 p.c19 cm. aOn verso of t.p.: Prakāshaka Sāhita Maṇḍala. aIn Panjabi. 0aIndiaxSocial conditionsy1947- c84947d84947